[Event "XXVII MISTRZOSTWA WOJEWÓDZTWA PODLASKIEGO JUNIORÓW DO LAT 18 - C18"]
[Site "Białystok, Poland"]
[Date "2025.05.31"]
[Round "5.1"]
[White "Chelstowski, Bartosz"]
[Black "Pieczulis, Hubert"]
[Result "0-1"]
[WhiteElo "1643"]
[BlackElo "1853"]

1. e4 {[%clk 00:30:58]} {[%emt 00:00:02]} c5 {[%clk 00:30:48]} {[%emt
00:00:12]} 2. Nc3 {[%clk 00:31:20]} {[%emt 00:00:08]} Nc6 {[%clk 00:31:13]}
{[%emt 00:00:05]} 3. Nge2 {[%clk 00:31:33]} {[%emt 00:00:17]} d6 {[%clk
00:31:20]} {[%emt 00:00:23]} 4. g3 {[%clk 00:31:55]} {[%emt 00:00:09]} g6
{[%clk 00:31:33]} {[%emt 00:00:16]} 5. Bg2 {[%clk 00:31:45]} {[%emt 00:00:40]}
Bg7 {[%clk 00:31:56]} {[%emt 00:00:07]} 6. h4 {[%clk 00:32:06]} {[%emt
00:00:09]} h6 {[%clk 00:31:30]} {[%emt 00:00:56]} 7. d3 {[%clk 00:31:40]}
{[%emt 00:00:56]} e5 {[%clk 00:30:57]} {[%emt 00:01:03]} 8. Nd5 {[%clk
00:31:39]} {[%emt 00:00:31]} Nge7 {[%clk 00:30:54]} {[%emt 00:00:34]} 9. Nec3
{[%clk 00:31:27]} {[%emt 00:00:42]} Nxd5 {[%clk 00:30:57]} {[%emt 00:00:27]} 10.
Nxd5 {[%clk 00:31:43]} {[%emt 00:00:14]} Ne7 {[%clk 00:31:18]} {[%emt
00:00:08]} 11. h5 {[%clk 00:30:36]} {[%emt 00:01:37]} g5 {[%clk 00:30:57]}
{[%emt 00:00:51]} 12. c4 {[%clk 00:30:15]} {[%emt 00:00:52]} Nxd5 {[%clk
00:31:08]} {[%emt 00:00:19]} 13. cxd5 {[%clk 00:30:36]} {[%emt 00:00:08]} f5
{[%clk 00:30:33]} {[%emt 00:01:06]} 14. exf5 {[%clk 00:25:18]} {[%emt
00:05:47]} Bxf5 {[%clk 00:30:49]} {[%emt 00:00:14]} 15. Be4 {[%clk 00:25:34]}
{[%emt 00:00:14]} O-O {[%clk 00:29:11]} {[%emt 00:02:08]} 16. Qe2 {[%clk
00:23:19]} {[%emt 00:02:45]} b5 {[%clk 00:25:39]} {[%emt 00:04:02]} 17. a4
{[%clk 00:21:43]} {[%emt 00:02:06]} b4 {[%clk 00:22:33]} {[%emt 00:03:36]} 18.
b3 {[%clk 00:22:01]} {[%emt 00:00:12]} Qd7 {[%clk 00:22:30]} {[%emt 00:00:32]}
19. Ra2 {[%clk 00:20:53]} {[%emt 00:01:39]} Rf7 {[%clk 00:22:00]} {[%emt
00:00:59]} 20. Bxf5 {[%clk 00:16:50]} {[%emt 00:04:34]} Rxf5 {[%clk 00:22:06]}
{[%emt 00:00:24]} 21. g4 {[%clk 00:16:29]} {[%emt 00:00:52]} Rf6 {[%clk
00:21:34]} {[%emt 00:01:01]} 22. Qe4 {[%clk 00:16:23]} {[%emt 00:00:37]} Raf8
{[%clk 00:20:01]} {[%emt 00:02:03]} 23. Rg1 {[%clk 00:10:03]} {[%emt 00:06:49]}
Rf3 {[%clk 00:15:51]} {[%emt 00:04:39]} 24. Re2 {[%clk 00:08:09]} {[%emt
00:02:25]} Qb7 {[%clk 00:15:12]} {[%emt 00:01:09]} 25. Rg2 {[%clk 00:05:56]}
{[%emt 00:02:43]} R8f4 {[%clk 00:10:21]} {[%emt 00:05:21]} 26. Bxf4 {[%clk
00:04:47]} {[%emt 00:01:39]} Rxf4 {[%clk 00:10:45]} {[%emt 00:00:06]} 27. Qg6
{[%clk 00:05:09]} {[%emt 00:00:08]} Qxd5 {[%clk 00:11:08]} {[%emt 00:00:07]} 28.
Rg3 {[%clk 00:04:49]} {[%emt 00:00:50]} Qd4 {[%clk 00:06:06]} {[%emt 00:05:32]}
29. Qe6+ {[%clk 00:04:25]} {[%emt 00:00:54]} Kh8 {[%clk 00:06:14]} {[%emt
00:00:22]} 30. Rd2 {[%clk 00:01:32]} {[%emt 00:03:23]} d5 {[%clk 00:02:38]}
{[%emt 00:04:06]} 31. Qd7 {[%clk 00:00:40]} {[%emt 00:01:23]} e4 {[%clk
00:02:21]} {[%emt 00:00:46]} 32. dxe4 {[%clk 00:00:39]} {[%emt 00:00:31]} Rxe4+
{[%clk 00:02:08]} {[%emt 00:00:43]} 33. Re3 {[%clk 00:01:03]} {[%emt 00:00:06]}
Rxe3+ {[%clk 00:01:27]} {[%emt 00:01:11]} 34. fxe3 {[%clk 00:01:32]} {[%emt
00:00:01]} Qxe3+ {[%clk 00:01:49]} {[%emt 00:00:08]} 35. Kd1 {[%clk 00:00:47]}
{[%emt 00:01:14]} Qxb3+ {[%clk 00:02:10]} {[%emt 00:00:11]} 36. Ke2 {[%clk
00:01:03]} {[%emt 00:00:13]} Qc4+ {[%clk 00:02:33]} {[%emt 00:00:07]} 37. Kd1
{[%clk 00:00:39]} {[%emt 00:00:55]} Qf1+ {[%clk 00:02:15]} {[%emt 00:00:47]} 38.
Kc2 {[%clk 00:01:04]} {[%emt 00:00:05]} b3+ {[%clk 00:02:33]} {[%emt 00:00:12]}
39. Kxb3 {[%clk 00:00:49]} {[%emt 00:00:45]} Qc4+ {[%clk 00:02:59]} {[%emt
00:00:05]} 40. Ka3 {[%clk 00:00:41]} {[%emt 00:00:38]} Qc3+ {[%clk 00:03:24]}
{[%emt 00:00:05]} 41. Ka2 {[%clk 00:01:04]} {[%emt 00:00:07]} Qxd2+ {[%clk
00:03:48]} {[%emt 00:00:05]} 42. Kb3 {[%clk 00:01:18]} {[%emt 00:00:17]} Qb2#
{[%clk 00:04:10]} {[%emt 00:00:08]} 0-1

[Event "XXVII MISTRZOSTWA WOJEWÓDZTWA PODLASKIEGO JUNIORÓW DO LAT 18 - C18"]
[Site "Białystok, Poland"]
[Date "2025.05.31"]
[Round "5.2"]
[White "Bartnik, Michal"]
[Black "Krol, Jan"]
[Result "1/2-1/2"]
[WhiteElo "1986"]
[BlackElo "2064"]

1. e4 {[%clk 00:30:59]} e5 {[%clk 00:30:56]} {[%emt 00:00:04]} 2. Nf3 {[%clk
00:31:25]} {[%emt 00:00:05]} Nc6 {[%clk 00:31:23]} {[%emt 00:00:02]} 3. Bc4
{[%clk 00:31:51]} {[%emt 00:00:05]} Nf6 {[%clk 00:31:47]} {[%emt 00:00:05]} 4.
d3 {[%clk 00:32:17]} {[%emt 00:00:04]} h6 {[%clk 00:32:13]} {[%emt 00:00:04]} 5.
c3 {[%clk 00:32:42]} {[%emt 00:00:05]} d6 {[%clk 00:32:26]} {[%emt 00:00:18]} 6.
h3 {[%clk 00:33:07]} {[%emt 00:00:05]} g6 {[%clk 00:32:17]} {[%emt 00:00:39]} 7.
a4 {[%clk 00:33:19]} {[%emt 00:00:17]} Bg7 {[%clk 00:32:40]} {[%emt 00:00:08]}
8. O-O {[%clk 00:33:32]} {[%emt 00:00:16]} O-O {[%clk 00:32:47]} {[%emt
00:00:24]} 9. Re1 {[%clk 00:33:25]} {[%emt 00:00:36]} Qe7 {[%clk 00:32:54]}
{[%emt 00:00:23]} 10. Be3 {[%clk 00:32:50]} {[%emt 00:01:05]} Re8 {[%clk
00:32:55]} {[%emt 00:00:29]} 11. Nbd2 {[%clk 00:32:45]} {[%emt 00:00:34]} Be6
{[%clk 00:32:29]} {[%emt 00:00:56]} 12. Bxe6 {[%clk 00:31:56]} {[%emt
00:01:20]} Qxe6 {[%clk 00:32:53]} {[%emt 00:00:06]} 13. Nf1 {[%clk 00:30:37]}
{[%emt 00:01:49]} Rad8 {[%clk 00:32:55]} {[%emt 00:00:28]} 14. Qc2 {[%clk
00:30:30]} {[%emt 00:00:36]} d5 {[%clk 00:32:42]} {[%emt 00:00:45]} 15. exd5
{[%clk 00:28:02]} {[%emt 00:02:56]} Nxd5 {[%clk 00:30:52]} {[%emt 00:02:22]} 16.
Rad1 {[%clk 00:28:24]} {[%emt 00:00:07]} a5 {[%clk 00:29:15]} {[%emt 00:02:07]}
17. Bc5 {[%clk 00:25:59]} {[%emt 00:02:53]} b6 {[%clk 00:28:33]} {[%emt
00:01:14]} 18. Ba3 {[%clk 00:26:09]} {[%emt 00:00:19]} Nf4 {[%clk 00:23:07]}
{[%emt 00:05:56]} 19. Kh1 {[%clk 00:22:58]} {[%emt 00:03:41]} f5 {[%clk
00:21:40]} {[%emt 00:01:59]} 20. b3 {[%clk 00:14:11]} {[%emt 00:09:17]} Qf7
{[%clk 00:20:51]} {[%emt 00:01:19]} 21. Ne3 {[%clk 00:13:33]} {[%emt 00:01:07]}
Kh7 {[%clk 00:15:17]} {[%emt 00:06:04]} 22. Nc4 {[%clk 00:13:36]} {[%emt
00:00:27]} Re6 {[%clk 00:14:54]} {[%emt 00:00:53]} 23. Bc1 {[%clk 00:12:40]}
{[%emt 00:01:27]} Nd5 {[%clk 00:14:44]} {[%emt 00:00:39]} 24. Nh2 {[%clk
00:09:39]} {[%emt 00:03:30]} Rde8 {[%clk 00:14:46]} {[%emt 00:00:29]} 25. Nf1
{[%clk 00:08:13]} {[%emt 00:01:56]} e4 {[%clk 00:10:55]} {[%emt 00:04:21]} 26.
Bd2 {[%clk 00:08:35]} {[%emt 00:00:08]} Nf6 {[%clk 00:09:37]} {[%emt 00:01:48]}
27. Ng3 {[%clk 00:08:03]} {[%emt 00:01:02]} exd3 {[%clk 00:08:24]} {[%emt
00:01:45]} 28. Qxd3 {[%clk 00:08:25]} {[%emt 00:00:06]} Ne5 {[%clk 00:08:40]}
{[%emt 00:00:14]} 29. Nxe5 {[%clk 00:08:04]} {[%emt 00:00:51]} Rxe5 {[%clk
00:09:09]} {[%emt 00:00:01]} 30. Rxe5 {[%clk 00:08:10]} {[%emt 00:00:25]} Rxe5
{[%clk 00:09:37]} {[%emt 00:00:01]} 31. c4 {[%clk 00:07:40]} {[%emt 00:01:00]}
Nd7 {[%clk 00:08:35]} {[%emt 00:01:32]} 32. Qf3 {[%clk 00:06:11]} {[%emt
00:01:58]} Nc5 {[%clk 00:08:14]} {[%emt 00:00:53]} 33. Bc3 {[%clk 00:06:08]}
{[%emt 00:00:32]} Re7 {[%clk 00:08:25]} {[%emt 00:00:19]} 34. Bxg7 {[%emt
00:00:10]} Qxg7 {[%clk 00:08:52]} 35. Ne2 {[%clk 00:03:08]} {[%emt 00:03:53]}
Qb2 {[%clk 00:08:32]} {[%emt 00:00:48]} 36. Nc1 {[%clk 00:01:07]} {[%emt
00:02:32]} Ne4 {[%clk 00:08:16]} {[%emt 00:00:46]} 37. Kg1 {[%clk 00:01:17]}
{[%emt 00:00:20]} Nc3 {[%clk 00:06:51]} {[%emt 00:01:55]} 38. Rf1 {[%clk
00:01:39]} {[%emt 00:00:08]} Qd2 {[%clk 00:06:35]} {[%emt 00:00:45]} 39. Nd3
{[%clk 00:01:38]} {[%emt 00:00:33]} Ne2+ {[%clk 00:06:30]} {[%emt 00:00:35]} 40.
Kh1 {[%clk 00:02:00]} {[%emt 00:00:07]} Nd4 {[%clk 00:06:36]} {[%emt 00:00:24]}
41. Qg3 {[%clk 00:02:25]} {[%emt 00:00:05]} Ne2 {[%clk 00:06:13]} {[%emt
00:00:54]} 42. Qf3 {[%clk 00:02:40]} {[%emt 00:00:15]} Nd4 {[%clk 00:06:39]}
{[%emt 00:00:03]} 43. Qg3 {[%clk 00:03:05]} {[%emt 00:00:06]} Nxb3 {[%clk
00:06:37]} {[%emt 00:00:32]} 44. Nf4 {[%clk 00:03:26]} {[%emt 00:00:08]} Qd6
{[%clk 00:06:55]} {[%emt 00:00:12]} 45. Qxb3 {[%clk 00:02:45]} {[%emt
00:01:12]} Qxf4 {[%clk 00:07:20]} {[%emt 00:00:05]} 46. f3 {[%clk 00:02:30]}
{[%emt 00:00:45]} Qd2 {[%clk 00:06:51]} {[%emt 00:00:59]} 47. Rd1 {[%clk
00:02:35]} {[%emt 00:00:24]} Re1+ {[%clk 00:07:03]} {[%emt 00:00:18]} 48. Rxe1
{[%clk 00:03:02]} {[%emt 00:00:03]} Qxe1+ {[%clk 00:07:32]} {[%emt 00:00:01]}
49. Kh2 {[%clk 00:03:32]} Qe5+ {[%clk 00:07:53]} {[%emt 00:00:09]} 50. Kg1
{[%clk 00:03:43]} {[%emt 00:00:15]} f4 {[%clk 00:08:13]} {[%emt 00:00:13]} 51.
Qd1 {[%clk 00:03:29]} {[%emt 00:00:44]} Qe3+ {[%clk 00:08:32]} {[%emt
00:00:11]} 52. Kh2 {[%clk 00:03:53]} {[%emt 00:00:05]} Qe6 {[%clk 00:08:51]}
{[%emt 00:00:09]} 53. Qd4 {[%clk 00:04:17]} {[%emt 00:00:08]} Qd6 {[%clk
00:08:03]} {[%emt 00:01:19]} 54. Qe4 {[%clk 00:04:41]} {[%emt 00:00:05]} Kg7
{[%clk 00:08:15]} {[%emt 00:00:19]} 55. Qe8 {[%clk 00:04:56]} {[%emt 00:00:15]}
Kf6 {[%clk 00:07:46]} {[%emt 00:00:59]} 56. Qh8+ {[%clk 00:05:11]} {[%emt
00:00:13]} Kg5 {[%clk 00:08:07]} {[%emt 00:00:11]} 57. Qc8 {[%clk 00:05:10]}
{[%emt 00:00:31]} h5 {[%clk 00:08:01]} {[%emt 00:00:37]} 58. Qe8 {[%clk
00:04:36]} {[%emt 00:01:03]} Kf5 {[%clk 00:07:27]} {[%emt 00:01:03]} 59. Qe4+
{[%clk 00:04:53]} {[%emt 00:00:14]} Kf6 {[%emt 00:00:05]} 60. Qe8 {[%clk
00:05:09]} {[%emt 00:00:13]} Kg7 {[%clk 00:05:45]} {[%emt 00:02:38]} 61. Qe4
{[%clk 00:04:01]} {[%emt 00:01:38]} h4 {[%clk 00:05:43]} {[%emt 00:00:32]} 62.
Qe8 {[%clk 00:03:53]} {[%emt 00:00:38]} g5 {[%clk 00:06:00]} {[%emt 00:00:13]}
63. Qc8 {[%clk 00:03:51]} {[%emt 00:00:32]} Qc5 {[%clk 00:06:04]} {[%emt
00:00:26]} 64. Qe6 {[%clk 00:04:10]} {[%emt 00:00:11]} Kf8 {[%clk 00:05:19]}
{[%emt 00:01:16]} 65. Kh1 {[%clk 00:04:32]} {[%emt 00:00:07]} Qe7 {[%clk
00:04:39]} {[%emt 00:01:11]} 66. Qc8+ {[%clk 00:04:54]} {[%emt 00:00:08]} Kg7
{[%clk 00:04:46]} {[%emt 00:00:23]} 67. Qf5 {[%clk 00:05:09]} {[%emt 00:00:11]}
Qf6 {[%clk 00:04:48]} {[%emt 00:00:31]} 68. Qd7+ {[%clk 00:05:20]} {[%emt
00:00:18]} Qf7 {[%clk 00:05:17]} {[%emt 00:00:02]} 69. Qc6 {[%clk 00:04:12]}
{[%emt 00:01:37]} Qe7 {[%clk 00:05:29]} {[%emt 00:00:20]} 70. Kh2 {[%clk
00:04:15]} {[%emt 00:00:25]} Kf7 {[%clk 00:05:45]} {[%emt 00:00:15]} 71. Qd5+
{[%clk 00:04:12]} {[%emt 00:00:33]} Kf6 {[%clk 00:06:10]} {[%emt 00:00:05]} 72.
Qc6+ {[%clk 00:03:42]} {[%emt 00:00:59]} Qd6 {[%clk 00:06:22]} {[%emt
00:00:19]} 73. Qe8 {[%clk 00:03:35]} {[%emt 00:00:33]} Qe6 {[%clk 00:05:38]}
{[%emt 00:01:16]} 74. Qd8+ {[%clk 00:04:01]} {[%emt 00:00:06]} Qe7 {[%clk
00:05:13]} {[%emt 00:00:56]} 75. Qd5 {[%clk 00:03:30]} {[%emt 00:00:57]} Qc5
{[%clk 00:05:11]} {[%emt 00:00:36]} 76. Qe4 {[%clk 00:03:24]} {[%emt 00:00:36]}
c6 {[%clk 00:04:32]} {[%emt 00:01:09]} 77. Kh1 {[%clk 00:03:15]} {[%emt
00:00:39]} b5 {[%clk 00:04:25]} {[%emt 00:00:37]} 78. cxb5 {[%clk 00:03:33]}
{[%emt 00:00:11]} cxb5 {[%clk 00:04:53]} {[%emt 00:00:02]} 79. axb5 {[%clk
00:03:51]} {[%emt 00:00:12]} Qxb5 {[%clk 00:05:20]} {[%emt 00:00:03]} 80. Qd4+
{[%clk 00:03:56]} {[%emt 00:00:23]} Ke6 {[%clk 00:05:44]} {[%emt 00:00:07]} 81.
Qe4+ {[%clk 00:03:50]} {[%emt 00:00:37]} Kf6 {[%clk 00:01:57]} {[%emt
00:04:17]} 82. Qd4+ {[%clk 00:04:15]} {[%emt 00:00:05]} Kf7 {[%clk 00:02:10]}
{[%emt 00:00:18]} 83. Qd6 {[%clk 00:04:06]} {[%emt 00:00:36]} a4 {[%clk
00:02:23]} {[%emt 00:00:19]} 84. Kh2 {[%clk 00:03:07]} {[%emt 00:01:28]} Qa5
{[%clk 00:02:10]} {[%emt 00:00:44]} 85. Qd7+ {[%clk 00:03:08]} {[%emt
00:00:29]} Kf8 {[%clk 00:02:38]} {[%emt 00:00:02]} 86. Qd6+ {[%clk 00:03:25]}
{[%emt 00:00:13]} Ke8 {[%clk 00:03:04]} {[%emt 00:00:05]} 87. Qe6+ {[%clk
00:03:43]} {[%emt 00:00:10]} Kd8 {[%clk 00:03:31]} {[%emt 00:00:04]} 88. Qd6+
{[%clk 00:03:55]} {[%emt 00:00:17]} Kc8 {[%clk 00:03:58]} {[%emt 00:00:04]} 89.
Qc6+ {[%clk 00:04:09]} {[%emt 00:00:17]} Kb8 {[%clk 00:04:16]} {[%emt
00:00:12]} 90. Qd6+ {[%clk 00:04:20]} {[%emt 00:00:17]} Ka8 {[%clk 00:03:55]}
{[%emt 00:00:52]} 91. Qc6+ {[%clk 00:04:41]} {[%emt 00:00:08]} Ka7 {[%clk
00:04:21]} {[%emt 00:00:05]} 92. Qd7+ {[%clk 00:05:03]} {[%emt 00:00:08]} Kb6
{[%clk 00:04:23]} {[%emt 00:00:29]} 93. Qd8+ {[%clk 00:05:18]} {[%emt
00:00:14]} Ka6 {[%clk 00:02:25]} {[%emt 00:02:29]} 94. Qa8+ {[%clk 00:05:43]}
{[%emt 00:00:04]} Kb5 {[%clk 00:01:52]} {[%emt 00:01:04]} 95. Qd5+ {[%clk
00:06:07]} {[%emt 00:00:05]} Kb4 {[%clk 00:01:58]} {[%emt 00:00:24]} 96. Qd2+
{[%clk 00:06:34]} {[%emt 00:00:04]} 1/2-1/2

[Event "XXVII MISTRZOSTWA WOJEWÓDZTWA PODLASKIEGO JUNIORÓW DO LAT 18 - C18"]
[Site "Białystok, Poland"]
[Date "2025.05.31"]
[Round "5.3"]
[White "Etel, Szymon"]
[Black "Krynicki, Filip"]
[Result "0-1"]
[WhiteElo "1776"]
[BlackElo "1951"]

1. e4 {[%clk 00:30:58]} c5 {[%clk 00:30:58]} {[%emt 00:00:03]} 2. Nf3 {[%clk
00:31:25]} {[%emt 00:00:03]} d6 {[%clk 00:31:11]} {[%emt 00:00:17]} 3. d4
{[%clk 00:31:51]} {[%emt 00:00:04]} cxd4 {[%clk 00:31:39]} {[%emt 00:00:02]} 4.
Nxd4 {[%clk 00:32:19]} {[%emt 00:00:03]} Nf6 {[%clk 00:32:03]} {[%emt
00:00:05]} 5. Nc3 {[%clk 00:32:47]} {[%emt 00:00:03]} a6 {[%clk 00:32:28]}
{[%emt 00:00:05]} 6. Bg5 {[%clk 00:32:59]} {[%emt 00:00:17]} e6 {[%clk
00:32:32]} {[%emt 00:00:26]} 7. f4 {[%clk 00:33:25]} {[%emt 00:00:04]} Be7
{[%clk 00:32:44]} {[%emt 00:00:19]} 8. Qf3 {[%clk 00:33:50]} {[%emt 00:00:05]}
Qc7 {[%clk 00:32:45]} {[%emt 00:00:28]} 9. O-O-O {[%clk 00:34:13]} {[%emt
00:00:07]} Nbd7 {[%clk 00:33:07]} {[%emt 00:00:08]} 10. g4 {[%clk 00:34:10]}
{[%emt 00:00:34]} b5 {[%clk 00:32:37]} {[%emt 00:01:00]} 11. Bg2 {[%clk
00:32:38]} {[%emt 00:02:01]} Bb7 {[%clk 00:32:56]} {[%emt 00:00:11]} 12. Bxf6
{[%clk 00:31:26]} {[%emt 00:01:43]} Nxf6 {[%clk 00:31:31]} {[%emt 00:01:53]} 13.
g5 {[%clk 00:29:55]} {[%emt 00:02:02]} Nd7 {[%clk 00:31:51]} {[%emt 00:00:10]}
14. h4 {[%clk 00:29:32]} {[%emt 00:00:53]} Rc8 {[%clk 00:30:43]} {[%emt
00:01:38]} 15. a3 {[%clk 00:28:34]} {[%emt 00:01:28]} Nb6 {[%clk 00:29:18]}
{[%emt 00:01:55]} 16. Kb1 {[%clk 00:25:54]} {[%emt 00:03:11]} Nc4 {[%clk
00:28:53]} {[%emt 00:00:54]} 17. Rh3 {[%clk 00:25:47]} {[%emt 00:00:37]} Qb6
{[%clk 00:26:41]} {[%emt 00:02:42]} 18. f5 {[%clk 00:23:59]} {[%emt 00:02:19]}
e5 {[%clk 00:26:17]} {[%emt 00:00:54]} 19. Nb3 {[%clk 00:24:18]} {[%emt
00:00:11]} f6 {[%clk 00:17:44]} {[%emt 00:09:03]} 20. Qh5+ {[%clk 00:18:56]}
{[%emt 00:05:51]} Kf8 {[%clk 00:16:57]} {[%emt 00:01:17]} 21. Rhd3 {[%clk
00:11:27]} {[%emt 00:08:00]} a5 {[%clk 00:15:29]} {[%emt 00:01:58]} 22. gxf6
{[%clk 00:10:42]} {[%emt 00:01:15]} Bxf6 {[%clk 00:15:39]} {[%emt 00:00:19]} 23.
a4 {[%clk 00:07:59]} {[%emt 00:03:13]} bxa4 {[%clk 00:14:19]} {[%emt 00:01:51]}
24. Nxa4 {[%clk 00:08:23]} {[%emt 00:00:05]} Qb4 {[%clk 00:14:27]} {[%emt
00:00:21]} 25. Nxa5 {[%clk 00:04:43]} {[%emt 00:04:11]} Qxa5 {[%clk 00:13:55]}
{[%emt 00:01:03]} 26. b3 {[%clk 00:05:01]} {[%emt 00:00:12]} Bc6 {[%clk
00:09:13]} {[%emt 00:05:11]} 27. Nb2 {[%clk 00:02:42]} {[%emt 00:02:49]} Ra8
{[%clk 00:08:44]} {[%emt 00:00:59]} 28. Na4 {[%clk 00:01:45]} {[%emt 00:01:26]}
Bxa4 {[%clk 00:08:46]} {[%emt 00:00:29]} 29. bxc4 {[%clk 00:01:22]} {[%emt
00:00:54]} Qb4+ {[%clk 00:08:46]} {[%emt 00:00:29]} 30. Kc1 {[%clk 00:01:37]}
{[%emt 00:00:16]} Bxc2 {[%clk 00:07:24]} {[%emt 00:01:51]} 31. Rxd6 {[%clk
00:01:49]} {[%emt 00:00:19]} Ra1+ {[%clk 00:06:59]} {[%emt 00:00:54]} 32. Kxc2
{[%clk 00:01:50]} {[%emt 00:00:30]} Ra2+ {[%clk 00:07:19]} {[%emt 00:00:10]}
0-1

[Event "XXVII MISTRZOSTWA WOJEWÓDZTWA PODLASKIEGO JUNIORÓW DO LAT 18 - C18"]
[Site "Białystok, Poland"]
[Date "2025.05.31"]
[Round "5.4"]
[White "Racis, Michal"]
[Black "Kurcinski, Sebastian"]
[Result "0-1"]
[WhiteElo "2118"]
[BlackElo "1628"]

1. d4 {[%clk 00:30:58]} {[%emt 00:00:01]} Nf6 {[%clk 00:30:56]} {[%emt
00:00:05]} 2. c4 {[%clk 00:31:08]} {[%emt 00:00:19]} e5 {[%clk 00:31:09]}
{[%emt 00:00:17]} 3. dxe5 {[%clk 00:31:17]} {[%emt 00:00:21]} Ng4 {[%clk
00:31:30]} {[%emt 00:00:09]} 4. Nf3 {[%clk 00:31:15]} {[%emt 00:00:32]} Bc5
{[%clk 00:31:57]} {[%emt 00:00:03]} 5. e3 {[%clk 00:31:21]} {[%emt 00:00:23]}
Nc6 {[%clk 00:32:23]} {[%emt 00:00:06]} 6. Nc3 {[%clk 00:29:59]} {[%emt
00:01:51]} Ngxe5 {[%clk 00:32:46]} {[%emt 00:00:08]} 7. b3 {[%clk 00:29:06]}
{[%emt 00:01:23]} Qf6 {[%clk 00:26:46]} {[%emt 00:06:29]} 8. Nxe5 {[%clk
00:23:09]} {[%emt 00:06:27]} Qxe5 {[%clk 00:26:28]} {[%emt 00:00:48]} 9. Bb2
{[%clk 00:23:16]} {[%emt 00:00:23]} Ba3 {[%clk 00:26:36]} {[%emt 00:00:23]} 10.
Bxa3 {[%clk 00:18:37]} {[%emt 00:05:09]} Qxc3+ {[%clk 00:26:56]} {[%emt
00:00:10]} 11. Ke2 {[%clk 00:19:03]} {[%emt 00:00:04]} d6 {[%clk 00:26:59]}
{[%emt 00:00:27]} 12. Rc1 {[%clk 00:18:43]} {[%emt 00:00:49]} Qa5 {[%clk
00:26:21]} {[%emt 00:00:52]} 13. Bb2 {[%clk 00:18:45]} {[%emt 00:00:44]} Qxa2
{[%clk 00:24:49]} {[%emt 00:02:03]} 14. Qc2 {[%clk 00:18:39]} {[%emt 00:00:35]}
Na5 {[%clk 00:16:49]} {[%emt 00:08:31]} 15. b4 {[%clk 00:12:29]} {[%emt
00:06:40]} Nb3 {[%clk 00:11:39]} {[%emt 00:05:39]} 16. Rb1 {[%clk 00:07:14]}
{[%emt 00:05:46]} O-O {[%clk 00:08:33]} {[%emt 00:03:36]} 17. Kd1 {[%clk
00:07:01]} {[%emt 00:00:42]} a5 {[%clk 00:06:39]} {[%emt 00:02:25]} 18. Bd3
{[%clk 00:06:46]} {[%emt 00:00:44]} axb4 {[%clk 00:04:06]} {[%emt 00:03:03]} 19.
Bxh7+ {[%clk 00:05:26]} {[%emt 00:01:48]} Kh8 {[%clk 00:04:31]} {[%emt
00:00:06]} 20. Ke2 {[%clk 00:03:55]} {[%emt 00:02:01]} Re8 {[%clk 00:03:27]}
{[%emt 00:01:35]} 21. h4 {[%clk 00:02:22]} {[%emt 00:02:03]} f5 {[%clk
00:02:42]} {[%emt 00:01:15]} 22. Bg6 {[%clk 00:02:19]} {[%emt 00:00:34]} Nd4+
{[%clk 00:02:46]} {[%emt 00:00:25]} 23. Kd2 {[%clk 00:01:36]} {[%emt 00:01:13]}
Nxc2 {[%clk 00:03:10]} {[%emt 00:00:06]} 24. Bxe8 {[%clk 00:02:00]} {[%emt
00:00:06]} Be6 {[%clk 00:03:03]} {[%emt 00:00:36]} 25. Bg6 {[%clk 00:01:19]}
{[%emt 00:01:12]} Qxc4 {[%clk 00:02:45]} {[%emt 00:00:48]} 26. h5 {[%clk
00:01:36]} {[%emt 00:00:13]} Na3 {[%clk 00:03:06]} {[%emt 00:00:10]} 27. Rbc1
{[%clk 00:01:34]} {[%emt 00:00:32]} Qb3 {[%clk 00:02:53]} {[%emt 00:00:42]} 28.
Bd4 {[%clk 00:01:23]} {[%emt 00:00:41]} Qa2+ {[%clk 00:02:01]} {[%emt
00:01:21]} 29. Kd1 {[%clk 00:01:04]} {[%emt 00:00:51]} Bb3+ {[%clk 00:02:22]}
{[%emt 00:00:08]} 30. Ke1 {[%clk 00:01:28]} {[%emt 00:00:06]} Nc2+ {[%clk
00:02:32]} {[%emt 00:00:20]} 31. Kf1 {[%clk 00:01:21]} {[%emt 00:00:37]} Nxd4
{[%clk 00:02:45]} {[%emt 00:00:18]} 32. exd4 {[%clk 00:01:32]} {[%emt
00:00:19]} Qb2 {[%clk 00:02:44]} {[%emt 00:00:29]} 33. Re1 {[%clk 00:01:54]}
{[%emt 00:00:09]} Ra1 {[%emt 00:00:39]} 34. Rh3 {[%clk 00:02:00]} Rxe1+ {[%clk
00:03:18]} {[%emt 00:00:10]} 35. Kxe1 {[%clk 00:02:26]} {[%emt 00:00:05]} Qc1+
{[%clk 00:03:34]} {[%emt 00:00:14]} 36. Ke2 {[%clk 00:02:51]} {[%emt 00:00:05]}
Bd1+ {[%clk 00:03:44]} {[%emt 00:00:20]} 37. Kd3 {[%clk 00:03:12]} {[%emt
00:00:09]} Qc3# {[%clk 00:03:25]} {[%emt 00:00:17]} 0-1